La voz y las sombras : artículos de Proceso /

Compilación de artículos que escribió el poeta y activista política mexicano Javier Sicilia en la revista Proceso entre 1999 y 2008. En sus textos, elaborados con una mirada cristiana y pacifista, emite su opinión respecto a temas de la sociedad técnica, la democracia, el poder político, el campo me...

Whakaahuatanga katoa

I tiakina i:
Ngā taipitopito rārangi puna kōrero
Kaituhi matua: Sicilia, Javier (autor)
Ētahi atu kaituhi: Torre Rangel, Jesús Antonio de la (selección e introducción) (selección e introducción)
Hōputu: Pukapuka
Reo:Pāniora
I whakaputaina: San Luis Potosí, México : Aguascalientes, México : Comisión Estatal de Derechos Humanos San Luis Potosí : Universidad Autónoma de San Luis Potosí, Facultad de Derecho ; Centro de Estudios Jurídicos y Sociales, 2009, c2009
Ngā marau:
Ngā Tūtohu: Tāpirihia he Tūtohu
Kāore He Tūtohu, Me noho koe te mea tuatahi ki te tūtohu i tēnei pūkete!

MARC

LEADER 00000nam^a2200000^a^4500
001 000361974
005 20250521000000.0
009 20260310115507.406
020 |a 978-607-7762-02-7 
025 |a Donación Ignacio González Luna, 1 ejemplar 
037 |a Acervo ITESO - Biblioteca 
041 |a ESP 
082 |a 320. 97207  |b SIC 
100 |a Sicilia, Javier  |e (autor) 
245 1 3 |a La voz y las sombras :  |b artículos de Proceso /  |c J. Sicilia ; selec. e introd. de J.A. de la Torre Rangel. 
264 4 |a San Luis Potosí, México :  |b Comisión Estatal de Derechos Humanos San Luis Potosí :  |b Universidad Autónoma de San Luis Potosí, Facultad de Derecho ;  |a Aguascalientes, México :  |b Centro de Estudios Jurídicos y Sociales,  |c 2009, c2009 
300 |a 379 p. 
336 |a texto  |b txt  |2 rdacontenido 
337 |a sin mediación  |b n  |2 rdamedio 
338 |a volumen  |b nc  |2 rdasoporte 
520 |a Compilación de artículos que escribió el poeta y activista política mexicano Javier Sicilia en la revista Proceso entre 1999 y 2008. En sus textos, elaborados con una mirada cristiana y pacifista, emite su opinión respecto a temas de la sociedad técnica, la democracia, el poder político, el campo mexicano, los derechos humanos, la justicia, las luchas sociales, el zapatismo, y la participación de la Iglesia en la solución de los problemas sociales. 
610 |a Ejército Zapatista de Liberación Nacional 
649 |a XX 
650 |a Iglesia Católica en México 
650 |a Iglesia y Problemas Sociales -  |z México 
650 |a Zonas Rurales -  |z México 
650 |a Movimientos Políticos -  |z México 
650 |a Movimientos Sociales -  |z México 
650 |a Pobreza -  |z México 
650 |a No Violencia -  |z México 
650 |a Violencia -  |z México 
650 |a Problemas Sociales -  |z México 
650 |a Pacifismo -  |z México 
650 |a Democracia -  |z México 
650 |a Poder Político -  |z México 
650 |a Justicia e Injusticia -  |z México 
650 |a Tecnología y Sociedad -  |z México 
650 |a Cristianismo y Sociedad -  |z México 
650 |a Derechos Humanos -  |z México 
650 |a Economía -  |z México -  |x Historia -  |y Siglo XXI 
650 |a Política -  |z México -  |x Historia -  |y Siglo XXI -  |x Tema Principal 
700 |a Torre Rangel, Jesús Antonio de la  |e (selección e introducción) 
910 |a Fondo Ignacio González Luna Morfín 
920 |a Impresos - Libros 
930 |a Fondos Especiales 
905 |a 136 
901 |a 0500255370  |b IT2  |c ESP  |i D73266  |u 20250521 
902 |a https://opac.biblio.iteso.mx/vufind/Record/000361974